Iran and Saudi Arabia : (Record no. 31002)

MARC details
000 -LEADER
fixed length control field 02050cam a2200337 i 4500
001 - CONTROL NUMBER
control field om432157599
003 - CONTROL NUMBER IDENTIFIER
control field EG-ScBUE
005 - DATE AND TIME OF LATEST TRANSACTION
control field 20251016084349.0
008 - FIXED-LENGTH DATA ELEMENTS--GENERAL INFORMATION
fixed length control field 200117s2020 stkb f b 001 0 eng d
020 ## - INTERNATIONAL STANDARD BOOK NUMBER
International Standard Book Number 9781474466196
040 ## - CATALOGING SOURCE
Original cataloging agency UKMGB
Language of cataloging eng
Description conventions rda
Transcribing agency UKMGB
Modifying agency OCLCO
-- OCLCF
-- YDX
-- YDXIT
-- FIE
-- EG-ScBUE
043 ## - GEOGRAPHIC AREA CODE
Geographic area code a-su---
-- a-ir---
-- aw-----
082 04 - DEWEY DECIMAL CLASSIFICATION NUMBER
Classification number 327.538055
Edition number 22
Item number FRA
100 1# - MAIN ENTRY--PERSONAL NAME
Personal name Fraihat, Ibrahim,
Relator term author.
245 10 - TITLE STATEMENT
Title Iran and Saudi Arabia :
Remainder of title taming a chaotic conflict /
Statement of responsibility, etc Ibrahim Fraihat.
264 #1 - PUBLICATION, DISTRIBUTION, ETC. (IMPRINT)
Place of publication, distribution, etc Edinburgh :
Name of publisher, distributor, etc Edinburgh University Press,
Date of publication, distribution, etc [2020]
264 #4 - PUBLICATION, DISTRIBUTION, ETC. (IMPRINT)
Date of publication, distribution, etc c2020
300 ## - PHYSICAL DESCRIPTION
Extent xiii, 240 pages :
Other physical details maps ;
Dimensions 24 cm
336 ## - CONTENT TYPE
Content type term text
Content type code txt
Source rdacontent
336 ## - CONTENT TYPE
Content type term cartographic image
Content type code cri
Source rdacontent
337 ## - MEDIA TYPE
Media type term unmediated
Media type code n
Source rdamedia
338 ## - CARRIER TYPE
Carrier type term volume
Carrier type code nc
Source rdacarrier
504 ## - BIBLIOGRAPHY, ETC. NOTE
Bibliography, etc Includes bibliographical references and index.
520 ## - SUMMARY, ETC.
Summary, etc Hostile relations between Iran and Saudi Arabia are partially responsible for the political instability plaguing the Middle East. This book argues that rapprochement between Tehran and Riyadh is possible and it sets out a realistic agenda for managing their intractable conflict. Ibrahim Fraihat interviewed over sixty scholars, policy makers, think-tank experts and activists to gain an clear, all-round view of Iran-Saudi relations since the invasion of Iraq by US troops in 2003. His research shows that effective peacebuilding would be achievable if the participating countries integrated their diplomatic efforts on three levels: government, Track Two and grassroots. The result is a fresh perspective on a dangerous and unpredictable rift that affects not only its primary parties - Iran and Saudi Arabia - but also the future of the wider Middle East. --
Assigning source Provided by publisher.
651 #7 - SUBJECT ADDED ENTRY--GEOGRAPHIC NAME
Geographic name Saudi Arabia
General subdivision Foreign relations
Geographic subdivision Iran.
Source of heading or term BUEsh
651 #7 - SUBJECT ADDED ENTRY--GEOGRAPHIC NAME
Geographic name Iran
General subdivision Foreign relations
Geographic subdivision Saudi Arabia.
Source of heading or term BUEsh
651 #7 - SUBJECT ADDED ENTRY--GEOGRAPHIC NAME
Geographic name Middle East
General subdivision Politics and government
Chronological subdivision 1979-
Source of heading or term BUEsh
653 ## - INDEX TERM--UNCONTROLLED
Arrived date list October2025
Resource For college BAEPS, Political Science
655 ## - INDEX TERM--GENRE/FORM
Form subdivision Reading book
942 ## - ADDED ENTRY ELEMENTS (KOHA)
Source of classification or shelving scheme Dewey Decimal Classification
Koha item type Book - Borrowing
Holdings
Withdrawn status Lost status Source of classification or shelving scheme Damaged status Not for loan Collection code Home library Current library Shelving location Date acquired Source of acquisition Cost, normal purchase price Serial Enumeration / chronology Total Checkouts Full call number Barcode Date last seen Cost, replacement price Price effective from Koha item type
    Dewey Decimal Classification     Baccah Central Library Central Library First floor 16/10/2025 Purchase 1564.00 39742   327.538055 FRA 000057393 16/10/2025 1955.00 16/10/2025 Book - Borrowing